MARC

LEADER 00000nas a2200000 a 4500
001 ssj0000547816
003 WaSeSS
005 20200512172242.0
006 m d
007 cr n
008 090601c20099999vauqr p s 0 a0eng
010 |a  2009203078 
022 |y 1948-2612 
035 |a (WaSeSS)ssj0000547816 
037 |b National Sheriffs' Association, 1450 Duke St., Alexandria, VA 22314  |c $6.25 (single issue)  |c $25.00 (1 yr.) 
040 |a DLC  |b eng  |c DLC  |d DLC  |d CUI  |d OCLCF  |d OCLCO  |d OCLCQ  |d WaSeSS 
042 |a pcc  |a nsdp 
043 |a n-us--- 
050 0 0 |a HV7979  |b .D47 
082 1 0 |a 363  |2 14 
222 0 |a Deputy and court officer 
245 0 0 |a Deputy and court officer  |h [electronic resource]. 
246 1 |i Online title:  |a Deputy & court officer magazine 
246 1 |i Online title:  |a D & CO magazine 
260 |a Alexandria, Va. :  |b National Sheriffs' Association 
310 |a Quarterly 
362 1 |a Began in 2009. 
506 |a License restrictions may limit access. 
650 0 |a Sheriffs  |z United States  |v Periodicals. 
650 0 |a Police  |z United States  |v Periodicals. 
650 0 |a Courts  |z United States  |x Officials and employees  |v Periodicals. 
650 7 |a Courts  |x Officials and employees.  |2 fast  |0 (OCoLC)fst00881778 
650 7 |a Police.  |2 fast  |0 (OCoLC)fst01068398 
650 7 |a Sheriffs.  |2 fast  |0 (OCoLC)fst01115838 
651 7 |a United States.  |2 fast  |0 (OCoLC)fst01204155 
655 0 |a Electronic journals. 
710 2 |a National Sheriffs' Association. 
850 |a DLC 
856 4 0 |z Full text available from Research Library: 04/01/2011 to 01/31/2014  |u https://search.proquest.com/publication/866339